000 01444cam a2200337 a 4500
001 asyoubelieve00dewe
003 CaSfIA
005 20210117185856.0
007 cr||||
008 850129s1985 caua 001 0 eng
010 _a 85070370
040 _aDLC
_cDLC
_dBTCTA
_dBAKER
_dCaSfIA
020 _a0933123019 (alk. paper) :
_c$18.95
020 _a9780933123014 (alk. paper)
035 _a(OCoLC)13334872
050 0 0 _aBF1031
_b.D57 1985
082 0 0 _a131
_219
100 1 _aDewey, Barbara.
245 1 0 _aAs you believe /
_h[electronic resource]
_cby Barbara Dewey.
260 _aInverness, Calif. :
_bBartholomew Books,
_c1985.
300 _a194 p. :
_bill. ;
_c23 cm.
500 _aIncludes index.
650 0 _aParapsychology.
650 0 _aSuccess.
856 4 1 _uhttp://www.archive.org/details/asyoubelieve00dewe
_zFree eBook from the Internet Archive
856 4 2 _uhttp://www.openlibrary.org/books/OL2557082M
_zAdditional information and access via Open Library
999 _c470580
_d470580
942 _cEB
506 _fНеобхідна авторизація на https://archive.org/ (створення облікового запису безкоштовно)
506 _fНеобхідна авторизація на https://openlibrary.org/ (створення облікового запису безкоштовно)